| 000 | 00339nam a2200133Ia 4500 | ||
|---|---|---|---|
| 005 | 20251222155052.0 | ||
| 008 | 251222s9999||||xx |||||||||||||| ||spa|| | ||
| 082 | _aEDUM.98 | ||
| 100 | _aM.AINSCOW-J.BERESFORD | ||
| 245 | 0 | _aCrear condiciones para la mejora del trabajo en el aula | |
| 250 | _a1ra. ed. | ||
| 264 | _bNarcea | ||
| 942 | _cLIB | ||
| 999 |
_c37306 _d37306 |
||